00552nam a2200193 a 4500001001300000003000900013005001700022008004100039020001000080082001800090100002000108245007100128260003100199300000900230500003500239505004700274650001700321700002000338nice12345678IN_TiNIC20260116013005.0050524s1924 hyda grp 000 0 urd  ac10000a954.0258bBAI aBaig, Samiullah aHind Ahad Aurangzeb Main Baab 2 to 9 Aur Masla Itehad Par Ek Nazar aHyderabadbTaj Pressc1924 a162p aincludes index and biblioraphy2 aFoot notes by Maulana Maulvi Ilahi Bakhsh. aMughal India1 aBaig, Samiullah